Quan hệ Việt Nam - Trung Quốc từ năm 1991 đến 2003 Luận văn thạc sĩ khoa học lịch sử. Chuyên ngành: Lịch sử Việt Nam. Mã số: 03.05.13

Gorde:
Xehetasun bibliografikoak
Egile nagusia: Phạm, Phúc Vĩnh
Beste egile batzuk: Ngô, Minh Oanh
Formatua: Luận văn Kit Liburua
Hizkuntza:Vietnamese
Argitaratua: TP. Hồ Chí Minh Đại học Sư Phạm 2004
Gaiak:
Etiketak: Etiketa erantsi
Etiketarik gabe, Izan zaitez lehena erregistro honi etiketa jartzen!
Thư viện lưu trữ: Trung tâm Học liệu Lê Vũ Hùng, Trường Đại học Đồng Tháp
LEADER 01163ppm a22002898a 4500
001 00030054
005 20171026081022.0
008 121211s2004 ||||||viesd
041 0 # |a vie 
082 1 4 |a 327.597 051  |b QU105H 
100 1 # |a Phạm, Phúc Vĩnh 
245 0 0 |b Luận văn thạc sĩ khoa học lịch sử. Chuyên ngành: Lịch sử Việt Nam. Mã số: 03.05.13  |a Quan hệ Việt Nam - Trung Quốc từ năm 1991 đến 2003  |c Phạm Phúc Vĩnh; Ngô Minh Oanh ( hướng dẫn) 
260 # # |a TP. Hồ Chí Minh  |b Đại học Sư Phạm  |c 2004 
300 # # |a 157 tr.  |c 30 cm.  |b biểu đồ 
500 # # |a ĐTTS ghi: Bộ Giáo dục và Đào tạo. Trường Đại học Sư Phạm TP. Hồ Chí Minh 
653 # # |a Luận văn 
653 # # |a Việt Nam 
653 # # |a Trung Quốc 
653 # # |a Quan hệ 
700 1 # |a Ngô, Minh Oanh  |e Hướng dẫn 
852 # # |j LV.0000228 
852 # # |b Kho đọc SĐH  |j LV.0000228 
910 |d 11/12/2012 
980 # # |a Trung tâm Học liệu Lê Vũ Hùng, Trường Đại học Đồng Tháp